Elenca la formazione - Quiz n°204 - Statistics

Statistiche generali
  • Questo quiz è stato fatto 44 volte
  • Il punteggio medio è 8 su 11
Statistiche sulle risposte
Ruolo Nazione Calciatore % Corretto
Centrocampista Italia Daniele De Rossi
100%
Attaccante Italia Francesco Totti
100%
Ala Montenegro Mirko Vučinić
95%
Difensore Norvegia John Arne Riise
80%
Difensore Francia Philippe Mexès
73%
Difensore Brasile Juan
65%
Centrocampista Cile David Pizarro
60%
Trequartista Italia Simone Perrotta
60%
Portiere Romania Bogdan Lobonț
55%
Ala Francia Jérémy Ménez
53%
Difensore Italia Marco Cassetti
43%
Nessun quiz corrispondente trovato
Distribuzione punteggi
Percentuale di utenti per punteggio
Percentile per numero di risposta
I tuoi punteggi nel tempo
Non hai fatto questo quiz